[Event "Parma Province-ch"]
[Site "Salsomaggiore Terme"]
[Date "2015.03.21"]
[Round "3"]
[White "Salati, Paolo"]
[Black "Ferrarini, Maurizio"]
[Result "1-0"]
[WhiteElo "1816"]
[BlackElo "1709"]
[PlyCount "37"]
[EventDate "2015.03.20"]
[EventType "swiss"]
[EventRounds "5"]
[EventCountry "ITA"]
[SourceTitle "EXT 2017"]
[Source "ChessBase"]
[SourceDate "2016.10.25"]
[SourceVersion "1"]
[SourceVersionDate "2016.10.25"]
[SourceQuality "1"]

1. e4 e5 2. Nf3 Nc6 3. Bc4 Be7 4. Nc3 Nf6 5. 0-0 0-0 6. a3 d6 7. h3 h6 8. Re1 a6 9. d4 exd4 10. Nxd4 Nxd4 11. Qxd4 b5 12. Bb3 Bb7 13. Bf4 Re8 14. Rad1 Bf8 15. Nd5 Nxd5 16. Bxd5 Bxd5 17. Qxd5 Qf6 18. Bc1 Re6 19. Qxa8 1-0